Cruzamientos en gando vacuno de carne /
Guardado en:
| Autor Principal: | |
|---|---|
| Otros Autores: | |
| Formato: | Libro |
| Publicado: |
Montevideo :
Hemisferio Sur,
1976
|
| Materias: | |
| Etiquetas: |
Agregar Etiqueta
Sin Etiquetas, Sea el primero en etiquetar este registro!
|
| LEADER | 00521nam a22001815a 4500 | ||
|---|---|---|---|
| 001 | CEM.cems003605 | ||
| 008 | 130507s1976##################000#0#####d | ||
| 005 | 20210826202934.0 | ||
| 003 | CEMS | ||
| 245 | 1 | 0 | |a Cruzamientos en gando vacuno de carne / |c Marvin Koger |
| 260 | |a Montevideo : |b Hemisferio Sur, |c 1976 | ||
| 300 | |a 559 p. | ||
| 100 | 1 | |a Koger, Marvin | |
| 700 | 1 | |a Cunha, Tony J. | |
| 082 | 0 | 4 | |a 636.082 |
| 653 | |a Bovinos-cruzamiento | ||
| 653 | |a Ganaderia | ||
| 859 | |a CEMS |b BIB. CEMS - Agricultura |h 636.082 |i K822 |p A8606.80 |t Ej.1 | ||
